| 000 | 01371 a2200253 4500 | ||
|---|---|---|---|
| 003 | Nust | ||
| 005 | 20221209172804.0 | ||
| 010 | _a 2006276222 | ||
| 020 | _a0471432229 | ||
| 020 | _a9780471432227 | ||
| 040 | _cNust | ||
| 082 | 0 | 0 | _a621.382,HAY |
| 100 | 1 |
_aHaykin, Simon S., _997334 |
|
| 245 | 1 | 0 |
_aAn introduction to analog and digital communications / _cSimon Haykin, Michael Moher. |
| 250 | _a2nd ed. | ||
| 260 |
_aHoboken, NJ : _bWiley, _cc2007. |
||
| 300 |
_a515 p. : _bill. ; _c26 cm. |
||
| 505 | _aIntroduction (Page-1), Fourier Representation of Signal and Systems (Page-18), Amplitude Modulation (Page-100), Analog Modulation (Page-152), Pulse Modulation Transition from Analog to Digital Communication (Page-190), Baseband Data Transmission (Page-231), Digital Band –Pass Modulation Technique (Page-262), Random Signals and Noise (Page-313), Noise in Analog Communication (Page-364), Noise in Digital Communication (Page-394), System and Noise Calculations (Page-437). | ||
| 650 | 0 |
_aTelecommunication systems. _921843 |
|
| 856 | 4 | 1 |
_3Contributor biographical information _uhttp://www.loc.gov/catdir/enhancements/fy0814/2006276222-b.html |
| 856 | 4 | 1 |
_3Publisher description _uhttp://www.loc.gov/catdir/enhancements/fy0645/2006276222-d.html |
| 856 | 4 | 1 |
_3Table of contents only _uhttp://www.loc.gov/catdir/toc/fy0607/2006276222.html |
| 942 |
_2ddc _cBK |
||
| 999 |
_c190332 _d190332 |
||